01206nas a2200313 4500001001300000003000900013005001700022007000300039008003400042040005400076041000900130072001300139100001600152100002000168100002300188100002400211245011600235650002100351650002100372650001000393650002200403650001300425773011500438856011100553909004000664942001800704999001900722952015100741BR2011002421BR-BrBNA20231205115315.0ta230509b bl.|||p| |||| 00| 00por d aBR-BrBNAbporcBiblioteca Nacional de Agricultura a(Pt) aP40; F401 aBrant, R.S.1 aPinto, J.E.B.P.1 aBertolucci, S.K.V.1 aAlbuquerque, C.J.B.1 aTeor do óleo essencial de cidrão [Aloysia triphylla (L'Hér.)Britton]em função da variação sazonal aPLANTA MEDICINAL aÓLEO ESSENCIAL aCLIMA aALOYSIA TRIPHYLLA aCIDRÃO0 tRevista Brasileira de Plantas Medicinais (Brazil)xISSN 1516-0572g(May 2008), v. 10(2) p. 83-88wBR20110024214 uhttp://www.ibb.unesp.br/servicos/publicacoes/rbpm/pdf_v10_n2_2008/artigo13.pdfyRecurso eletrônico (PDF) a202311bLúciac55dLúcia Elande 2AGRISn0cANA c213130d213130 002AGRIS4071a41918b41918cPeriódicos Agrícolash(May 2008), v. 10(2) p. 83-88l0r2023-11-29t01yCRePortaria Interministerial nº 164/94